<?xml version="1.0" encoding="UTF-8"?>
<record
    xmlns:xsi="http://www.w3.org/2001/XMLSchema-instance"
    xsi:schemaLocation="http://www.loc.gov/MARC21/slim http://www.loc.gov/standards/marcxml/schema/MARC21slim.xsd"
    xmlns="http://www.loc.gov/MARC21/slim">

  <leader>01548pab a2200157 454500</leader>
  <controlfield tag="008">180718b2015   xxu||||| |||| 00| 0 eng d</controlfield>
  <datafield tag="100" ind1=" " ind2=" ">
    <subfield code="a">Jensen, Ulrich Thy</subfield>
  </datafield>
  <datafield tag="245" ind1=" " ind2=" ">
    <subfield code="a">Public service motivation, user orientation, and prescription behaviour: doing good for society or for the individual user?</subfield>
  </datafield>
  <datafield tag="260" ind1=" " ind2=" ">
    <subfield code="c">2015</subfield>
  </datafield>
  <datafield tag="300" ind1=" " ind2=" ">
    <subfield code="a">p.753-768.</subfield>
  </datafield>
  <datafield tag="520" ind1=" " ind2=" ">
    <subfield code="a">Motivation to benefit individual recipients of public services (user orientation) can conflict with classic public service motivation linked to the interest of a collective entity. When actions intended to increase the well-being of an individual user can harm societal interests, the two types of motivation have different behavioural implications, but we know far too little about these potential trade-offs. This study analyses the relationships between public service motivation, user orientation, and antibiotic prescriptions for 407 general medical practitioners in Denmark. Use of antibiotics has a positive effect on the individual patient and (especially broad-spectrum antibiotics) a negative effect on society due to resistant bacteria. Combining survey and administrative data, we find that public service motivation and user orientation indeed are differently associated with prescription behaviour. This implies that it can be important for behaviour whether a public service provider is primarily inclined to help the individual user or society. - Reproduced.</subfield>
  </datafield>
  <datafield tag="650" ind1=" " ind2=" ">
    <subfield code="a">Motivation</subfield>
  </datafield>
  <datafield tag="700" ind1=" " ind2=" ">
    <subfield code="a">Andersen, Lotte Bogh</subfield>
  </datafield>
  <datafield tag="773" ind1=" " ind2=" ">
    <subfield code="a">Public Administration</subfield>
  </datafield>
  <datafield tag="909" ind1=" " ind2=" ">
    <subfield code="a">109657</subfield>
  </datafield>
  <datafield tag="999" ind1=" " ind2=" ">
    <subfield code="c">109652</subfield>
    <subfield code="d">109652</subfield>
  </datafield>
  <datafield tag="952" ind1=" " ind2=" ">
    <subfield code="0">0</subfield>
    <subfield code="1">0</subfield>
    <subfield code="4">0</subfield>
    <subfield code="7">0</subfield>
    <subfield code="a">IIPA</subfield>
    <subfield code="b">IIPA</subfield>
    <subfield code="d">2018-07-19</subfield>
    <subfield code="h">Volume no: 93, Issue no: 3</subfield>
    <subfield code="p">AR110117</subfield>
    <subfield code="r">2018-07-19</subfield>
    <subfield code="w">2018-07-19</subfield>
    <subfield code="y">AR</subfield>
  </datafield>
</record>
